[Event "AUTO-OPEN-3002"]
[Site "http://www.queenalice.com/game.php?id=1185751"]
[Date "2013.5.29"]
[Round "1"]
[White "RDario"]
[Black "elvis8787"]
[Result "0-1"]
[WhiteElo "1924"]
[BlackElo "1835"]

1. c4 e5 2. Nc3 Nf6 3. d3 Bb4 4. Nf3 d6 5. Qb3 Bxc3+ 6. bxc3 h6 7. d4 e4 8. Ng1
Be6 9. d5 Bc8 10. Bf4 Na6 11. e3 Nc5 12. Qc2 O-O 13. Ne2 Nd3+ 14. Kd2 a6 15. Bg3
b5 16. cxb5 axb5 17. c4 bxc4 18. Qxc4 Rb8 19. Nc3 Rb2+ 20. Kd1 Rb4 21. Qc6 Bb7
22. a3 Bxc6 23. axb4 Nxd5 24. Nxe4 N5xb4 25. Nc3 Qf6 26. Ra3 Nxf2+ 27. Bxf2 Qxf2
28. Bc4 Bxg2 29. Ne4 Bxe4 30. Rf1 Bf3+ 31. Kc1 Qc2# 0-1

[Event "AUTO-OPEN-3002"]
[Site "http://www.queenalice.com/game.php?id=1185752"]
[Date "2013.5.29"]
[Round "1"]
[White "elvis8787"]
[Black "RDario"]
[Result "1-0"]
[WhiteElo "1922"]
[BlackElo "1924"]

1. e4 h6 2. Bc4 d6 3. d4 Nd7 4. Nf3 g5 5. Nc3 Bg7 6. e5 Nb6 7. Bd3 g4 8. Nh4
dxe5 9. dxe5 Bxe5 10. Bd2 Nf6 11. Qe2 Bd6 12. O-O-O e6 13. g3 Bd7 14. Ne4 Nxe4
15. Bxe4 h5 16. Bc3 Qg5+ 17. Kb1 Be5 18. Qd3 O-O-O 19. f4 gxf3 20. Nxf3 Qe7 21.
Nxe5 Ba4 22. Qf3 Nd5 23. Bxd5 exd5 24. Rxd5 Rxd5 25. Qxd5 Rd8 26. Qa5 Qd6 27.
Rc1 Qa6 28. Qxa6 bxa6 29. b3 Bb5 30. a4 Be2 31. Re1 Bg4 32. Nxg4 hxg4 33. Kc1 f5
34. Re7 Rd6 35. Be5 Rh6 36. Rxc7+ Kd8 37. Rf7 Rxh2 38. Rxf5 Re2 39. Bf4 Re4 40.
Rg5 1-0

[Event "AUTO-OPEN-3002"]
[Site "http://www.queenalice.com/game.php?id=1185771"]
[Date "2013.5.29"]
[Round "1"]
[White "Ridigroll"]
[Black "elvis8787"]
[Result "1-0"]
[WhiteElo "2066"]
[BlackElo "1939"]

1. e4 e5 2. Nc3 Nf6 3. f4 Bd6 4. Nf3 Qe7 5. d3 c6 6. fxe5 Bxe5 7. Be2 Bxc3+ 8.
bxc3 d6 9. O-O O-O 10. Bg5 Nbd7 11. Nd4 Qe8 12. Nf5 Qe6 13. Qe1 Ne8 14. Qg3 f6
15. Bh6 Qe5 16. Rf4 Rf7 17. d4 Qa5 18. Rg4 Nf8 19. Bxg7 Bxf5 20. exf5 Rxg7 21.
Rxg7+ Nxg7 22. Qxd6 Qxc3 23. Rf1 Re8 24. Bd3 Re1 25. Qxf6 Rxf1+ 26. Kxf1 Qd2 27.
Bc4+ Nge6 28. Bxe6+ Nxe6 29. Qxe6+ Kf8 30. f6 Qd1+ 31. Qe1 Qxe1+ 32. Kxe1 Kf7
33. Kd2 Kxf6 34. Ke3 Kf5 35. Kf3 h5 36. g3 b6 37. h3 c5 38. c3 cxd4 39. cxd4 a5
40. g4+ hxg4+ 41. hxg4+ Kg5 42. d5 b5 43. Ke4 1-0

[Event "AUTO-OPEN-3002"]
[Site "http://www.queenalice.com/game.php?id=1185772"]
[Date "2013.5.29"]
[Round "1"]
[White "elvis8787"]
[Black "Ridigroll"]
[Result "0-1"]
[WhiteElo "1987"]
[BlackElo "2053"]

1. e4 e6 2. Nf3 d5 3. exd5 exd5 4. d4 c5 5. Bb5+ Bd7 6. Bxd7+ Qxd7 7. O-O Nf6 8.
Ne5 Qc7 9. Bf4 Bd6 10. Ng4 Bxf4 11. Nxf6+ gxf6 12. Re1+ Kf8 13. g3 Bd6 14. Nc3
Qc6 15. Qh5 cxd4 16. Nxd5 Nd7 17. Qh6+ Kg8 18. Nxf6+ Nxf6 19. Qxf6 h6 20. Qf5
Kf8 21. Re4 Re8 22. Rg4 Qc5 23. Qf6 Qe5 24. Qf3 h5 25. Rf4 Qg7 26. Rf5 h4 27.
Qd5 Bb8 28. Qc5+ Re7 29. Re1 f6 30. Rd5 Be5 31. Re4 hxg3 32. Rd8+ Kf7 33. Qc4+
Kg6 34. Rg4+ Kf5 35. Rxg7 gxh2+ 36. Kh1 Rxg7 37. Qd3+ Ke6 38. Qc4+ Ke7 0-1

[Event "AUTO-OPEN-3002"]
[Site "http://www.queenalice.com/game.php?id=1185781"]
[Date "2013.5.29"]
[Round "1"]
[White "MARCELOCJ1"]
[Black "elvis8787"]
[Result "0-1"]
[WhiteElo "1288"]
[BlackElo "1982"]

1. d4 g6 2. Nc3 Bg7 3. h4 Nc6 4. Nf3 Nf6 5. e3 d5 6. g3 Bg4 7. Be2 O-O 8. Qd2
Ne4 9. Nxe4 dxe4 10. Nh2 Bxe2 11. Qxe2 Qd7 12. c3 e5 13. a3 exd4 14. cxd4 f5 15.
f3 Rfe8 16. g4 exf3 17. Nxf3 fxg4 18. Ng5 Qd5 19. Rg1 Nxd4 20. Qxg4 Nc2+ 21. Kf2
Rf8+ 22. Ke2 Rad8 23. Bd2 Qxd2# 0-1

[Event "AUTO-OPEN-3002"]
[Site "http://www.queenalice.com/game.php?id=1185782"]
[Date "2013.5.29"]
[Round "1"]
[White "elvis8787"]
[Black "MARCELOCJ1"]
[Result "1-0"]
[WhiteElo "1500"]
[BlackElo "1296"]

1. e4 e5 2. Nf3 Nc6 3. Bc4 h6 4. O-O Qf6 5. Nc3 Qg6 6. d4 exd4 7. Nxd4 Nf6 8.
Bf4 Ng4 9. Nxc6 dxc6 10. Bxc7 Qh5 11. Qd8# 1-0

[Event "Challenge"]
[Site "http://www.queenalice.com/game.php?id=1186535"]
[Date "2013.5.31"]
[Round "-"]
[White "Caroline93"]
[Black "elvis8787"]
[Result "0-1"]
[WhiteElo "1289"]
[BlackElo "2007"]

1. e4 e5 2. Nf3 d6 3. Nc3 Nf6 4. d4 exd4 5. Nxd4 Be7 6. Nf5 Bxf5 7. exf5 O-O 8.
Nd5 Nxd5 9. Qxd5 Nc6 10. Bb5 Ne5 11. O-O c6 12. Qd4 cxb5 13. f4 Ng4 14. h3 Bf6
15. Qd3 Qb6+ 16. Kh1 Nf2+ 17. Rxf2 Qxf2 18. Be3 Qh4 19. Qxd6 Rad8 20. Qb4 Rd5
21. Bxa7 Rxf5 22. Rf1 Rd5 23. Bf2 Qh6 0-1

[Event "Challenge"]
[Site "http://www.queenalice.com/game.php?id=1186536"]
[Date "2013.5.31"]
[Round "-"]
[White "Caroline93"]
[Black "elvis8787"]
[Result "0-1"]
[WhiteElo "1300"]
[BlackElo "2039"]

1. d4 e6 2. Nf3 Nf6 3. Nc3 Be7 4. Qd3 Nc6 5. d5 exd5 6. Nxd5 Nxd5 7. Qxd5 O-O 8.
Bg5 Nb4 9. Qd4 Nxc2+ 10. Kd2 Nxd4 11. Bxe7 Nxf3+ 12. gxf3 Qxe7 13. Rc1 d5 14. e3
Qb4+ 15. Rc3 d4 16. exd4 Qxd4+ 17. Rd3 Qxb2+ 18. Ke3 Re8+ 19. Kf4 Qe5# 0-1

[Event "Challenge"]
[Site "http://www.queenalice.com/game.php?id=1187529"]
[Date "2013.6.4"]
[Round "-"]
[White "elvis8787"]
[Black "wmalone"]
[Result "1-0"]
[WhiteElo "2002"]
[BlackElo "1909"]

1. e4 c5 2. Bc4 Nc6 3. Nf3 d6 4. O-O Nf6 5. d3 e6 6. Bg5 Be7 7. Nc3 O-O 8. Ne2
a6 9. Ng3 b5 10. Bb3 Bb7 11. a4 b4 12. Rb1 a5 13. Bc4 Rc8 14. Re1 Ra8 15. e5
dxe5 16. Nxe5 Nd4 17. c3 Nc6 18. Bb5 Nxe5 19. Rxe5 Qd6 20. Re1 Rad8 21. Qe2 Bc6
22. Rbd1 Qd7 23. c4 h6 24. Bxf6 Bxf6 25. b3 Bd4 26. Qg4 e5 27. Nf5 e4 28. Bxc6
Qxc6 29. Ne7+ 1-0

[Event "Challenge"]
[Site "http://www.queenalice.com/game.php?id=1187537"]
[Date "2013.6.4"]
[Round "-"]
[White "leduar"]
[Black "elvis8787"]
[Result "1-0"]
[WhiteElo "1945"]
[BlackElo "1905"]

1. e4 e5 2. Nf3 d6 3. Bc4 Be7 4. c3 Nf6 5. Qe2 O-O 6. d4 exd4 7. cxd4 Bg4 8. Qd3
Bxf3 9. Qxf3 d5 10. exd5 Bb4+ 11. Nc3 Re8+ 12. Be3 Ne4 13. d6 Nxd6 14. Bd3 Bxc3+
15. bxc3 Nd7 16. O-O Qf6 17. Qg4 Nf8 18. Rfe1 Ng6 19. Bg5 h5 20. Qxh5 Nf4 21.
Qh7+ Kf8 22. Qh8# 1-0

[Event "Challenge"]
[Site "http://www.queenalice.com/game.php?id=1187538"]
[Date "2013.6.4"]
[Round "-"]
[White "elvis8787"]
[Black "leduar"]
[Result "0-1"]
[WhiteElo "1865"]
[BlackElo "1967"]

1. e4 e5 2. Nf3 Nf6 3. Nc3 d6 4. Bc4 Be6 5. Bxe6 fxe6 6. d4 exd4 7. Nxd4 Qd7 8.
Qf3 c5 9. Nde2 Be7 10. O-O O-O 11. Qg3 e5 12. f3 b5 13. Bg5 b4 14. Bxf6 Bxf6 15.
Nd5 Nc6 16. f4 exf4 17. Nexf4 Bxb2 18. Rad1 Be5 19. Qg5 h6 20. Qg6 Ne7 21. Nxe7+
Qxe7 22. Ne6 Rf6 23. Rxf6 Qxf6 24. Qg4 Qe7 25. Rf1 Bf6 26. Nf4 Qxe4 27. Qd7 Re8
28. Qxd6 Be5 29. Qd5+ Qxd5 30. Nxd5 Bd4+ 31. Kh1 Re2 32. h4 Rxc2 33. h5 Rf2 34.
Re1 Kf8 35. Rd1 Rf5 0-1

[Event "Challenge"]
[Site "http://www.queenalice.com/game.php?id=1188354"]
[Date "2013.6.6"]
[Round "-"]
[White "elvis8787"]
[Black "leduar"]
[Result "1-0"]
[WhiteElo "1953"]
[BlackElo "1960"]

1. e4 e5 2. Nf3 d6 3. Bc4 Bg4 4. Nc3 Nf6 5. h3 Bh5 6. g4 Bg6 7. g5 Nxe4 8. Nxe4
Bxe4 9. d3 Bc6 10. Rg1 g6 11. h4 Bg7 12. Nh2 f5 13. c3 Qe7 14. Qb3 Nd7 15. Bd5
Nc5 16. Bxc6+ bxc6 17. Qc2 Kd7 18. Be3 d5 19. Bxc5 Qxc5 20. O-O-O Rab8 21. Nf3
d4 22. c4 a5 23. Rge1 Rb6 24. Kd2 Qb4+ 25. Kc1 Rhb8 26. Rd2 Qc5 27. Qa4 Rb4 28.
Qd1 a4 29. Nxe5+ Bxe5 30. Qe2 Qe7 31. f4 Bd6 32. Qf2 Qg7 33. Qe2 Qf7 34. Qf2 Re8
35. Rxe8 Qxe8 36. Qxd4 Qe1+ 37. Kc2 Qxh4 38. a3 Rb3 39. c5 Qxf4 40. Qg7+ Be7 41.
Re2 Qxg5 42. Qd4+ Kc8 43. Qxa4 Qf6 44. Qxb3 1-0

[Event "Challenge"]
[Site "http://www.queenalice.com/game.php?id=1188355"]
[Date "2013.6.6"]
[Round "-"]
[White "leduar"]
[Black "elvis8787"]
[Result "0-1"]
[WhiteElo "1988"]
[BlackElo "1880"]

1. e4 e5 2. Nf3 Nc6 3. Bc4 Be7 4. d4 exd4 5. c3 Nf6 6. e5 Ne4 7. Qe2 Nc5 8. Nxd4
O-O 9. b4 Ne6 10. Nxc6 bxc6 11. Bxe6 fxe6 12. O-O a5 13. Ba3 axb4 14. Bxb4 Bxb4
15. cxb4 Ba6 16. Qc2 Bxf1 17. Kxf1 Qh4 18. Qd2 Qxh2 19. Qxd7 Qxe5 0-1

[Event "Challenge"]
[Site "http://www.queenalice.com/game.php?id=1188850"]
[Date "2013.6.7"]
[Round "-"]
[White "elvis8787"]
[Black "fougalios"]
[Result "1-0"]
[WhiteElo "1982"]
[BlackElo "1906"]

1. e4 d5 2. exd5 Qxd5 3. d3 c6 4. Nf3 Bg4 5. Be2 e6 6. Nc3 Qa5 7. Bd2 Nf6 8. Ne4
Qc7 9. Nxf6+ gxf6 10. Bc3 Nd7 11. Qd2 Bd6 12. g3 h5 13. O-O-O O-O-O 14. h3 Bf5
15. Kb1 Kb8 16. Nd4 Bg6 17. Bf3 e5 18. Ba5 b6 19. Nxc6+ Kc8 20. Nxd8 bxa5 21.
Nc6 Bb4 22. Nxb4 axb4 23. Qxb4 1-0

[Event "Challenge"]
[Site "http://www.queenalice.com/game.php?id=1190745"]
[Date "2013.6.14"]
[Round "-"]
[White "elvis8787"]
[Black "leduar"]
[Result "1/2-1/2"]
[WhiteElo "2002"]
[BlackElo "2002"]

1. e4 e5 2. Nf3 Nc6 3. Bc4 Bc5 4. c3 Qe7 5. O-O d6 6. d4 Bb6 7. Ng5 Nd8 8. a4 a5
9. Qb3 h6 10. Nf3 Be6 11. Bxe6 Nxe6 12. dxe5 dxe5 13. Nxe5 Nc5 14. Qb5+ Kf8 15.
Bf4 Nf6 16. Nd2 Nfd7 17. Nxd7+ Qxd7 18. Qe2 Ne6 19. Be3 c5 20. Rad1 Qxa4 21. Nc4
Bc7 22. b3 Qxb3 23. Rb1 Qxc3 24. Rxb7 g5 25. Bxc5+ Kg7 26. Rxc7 Nxc7 27. Bd6 f6
28. Bxc7 Rhc8 29. Nb6 Qxc7 30. Nxa8 Rxa8 31. f4 a4 32. e5 Qc5+ 33. Kh1 fxe5 34.
fxe5 Re8 35. e6 Re7 36. Qb2+ Kg8 37. Qf6 Kh7 38. Qf8 Qc7 39. Qf5+ Kg7 40. Qf6+
Kh7 41. h4 gxh4 42. Rf4 Rxe6 43. Qf5+ Rg6 44. Rxa4 Kg7 45. Rxh4 Qc1+ 46. Kh2 Qg5
47. Qxg5 1/2-1/2

[Event "Challenge"]
[Site "http://www.queenalice.com/game.php?id=1190746"]
[Date "2013.6.14"]
[Round "-"]
[White "leduar"]
[Black "elvis8787"]
[Result "0-1"]
[WhiteElo "2002"]
[BlackElo "2019"]

1. d4 g6 2. Nf3 Bg7 3. g3 e6 4. Bg2 d5 5. Nc3 Nc6 6. O-O Nf6 7. Re1 O-O 8. Bg5
Qd7 9. Ne5 Nxe5 10. dxe5 Ne8 11. Bh3 Bxe5 12. Nxd5 Qxd5 13. Qxd5 exd5 14. Bxc8
Rxc8 15. Be7 Nd6 16. Bxf8 Kxf8 17. c3 c6 18. f4 Bf6 19. Kf2 Ne4+ 20. Kg2 h5 21.
Rad1 b5 22. a3 h4 23. e3 h3+ 24. Kf3 Kg7 25. Rc1 Re8 26. Rc2 Be7 27. Ra1 Bc5 28.
Re1 Re6 29. Kg4 g5 30. Kxh3 Rh6+ 31. Kg2 g4 32. b4 Bb6 33. Ree2 Nd6 34. a4 Nc4
35. Kh1 Nxe3 36. a5 Nxc2 37. axb6 Nxb4 38. bxa7 Rh8 39. cxb4 Kf6 40. Ra2 Ra8 41.
Ra6 Ke7 42. Kg2 Kd6 43. Kf2 Kc7 44. Ke3 f6 45. f5 Kb7 46. Ra2 Rxa7 47. Rb2 Kb6
48. Kd4 Re7 49. Rf2 Re4+ 50. Kc3 c5 51. bxc5+ Kxc5 52. Rb2 d4+ 53. Kd3 Re3+ 54.
Kd2 Rf3 55. Rc2+ Kd5 56. Ke2 d3+ 0-1

[Event "Challenge"]
[Site "http://www.queenalice.com/game.php?id=1192748"]
[Date "2013.6.21"]
[Round "-"]
[White "leduar"]
[Black "elvis8787"]
[Result "1-0"]
[WhiteElo "1939"]
[BlackElo "2018"]

1. e4 e5 2. Nf3 Nc6 3. Bb5 Nd4 4. Nxd4 exd4 5. d3 a5 6. a4 c6 7. Bc4 Nf6 8. Bg5
Be7 9. O-O O-O 10. Qf3 d6 11. h3 Nd7 12. Bf4 Ne5 13. Qg3 Ng6 14. Bd2 d5 15. exd5
cxd5 16. Bb5 Bd6 17. f4 Qc7 18. c3 Bd7 19. Bxd7 Qxd7 20. cxd4 Rfe8 21. Nc3 Bc7
22. Qf2 Re7 23. f5 Nh8 24. f6 Qd6 25. Bf4 Qxf6 26. Bxc7 Qxf2+ 27. Rxf2 Rxc7 28.
Nxd5 Rd7 29. Nb6 Rad8 30. Nxd7 Rxd7 31. Rc2 g6 32. Rc4 g5 33. Rac1 Ng6 34. g3 h5
35. Rc8+ Kg7 36. R1c4 h4 37. R8c5 Kh6 38. gxh4 Nxh4 39. Kf2 f5 40. Rxa5 f4 41.
Rac5 Re7 42. Re5 Rf7 43. Rcc5 b6 44. Rc6+ Kh5 45. Rxb6 Rc7 46. Rc5 Re7 47. Rcc6
Nf5 48. Rf6 Rc7 49. Rxf5 Rc2+ 50. Ke1 Rh2 51. a5 Rxh3 52. Rb3 Kg4 53. Rbb5 Rh5
54. Rxg5+ Kf3 55. Rxh5 1-0

[Event "Challenge"]
[Site "http://www.queenalice.com/game.php?id=1192749"]
[Date "2013.6.21"]
[Round "-"]
[White "elvis8787"]
[Black "leduar"]
[Result "0-1"]
[WhiteElo "2039"]
[BlackElo "1971"]

1. e4 e6 2. Nf3 d5 3. e5 c5 4. Bb5+ Bd7 5. Qe2 Qa5 6. Bxd7+ Nxd7 7. O-O g6 8. d4
c4 9. c3 Bg7 10. Bg5 Bh6 11. Qd2 Bxg5 12. Qxg5 Qd8 13. Qg3 f6 14. Na3 Qb6 15.
Rfe1 f5 16. Nc2 Qxb2 17. Ne3 Qb5 18. Nxf5 exf5 19. e6 Nf8 20. e7 Nd7 21. Nh4 Qc6
22. Re2 Ngf6 23. Rae1 Ne4 24. Rxe4 dxe4 25. d5 Qxd5 26. f3 Qc5+ 27. Kh1 Qxe7 28.
fxe4 O-O-O 29. exf5 Qf7 30. fxg6 hxg6 31. Qd6 Rxh4 32. Rb1 Qf4 33. Qb4 Qxh2# 0-1

[Event "Challenge"]
[Site "http://www.queenalice.com/game.php?id=1192807"]
[Date "2013.6.21"]
[Round "-"]
[White "elvis8787"]
[Black "eddval"]
[Result "0-1"]
[WhiteElo "1996"]
[BlackElo "2104"]

1. e4 e5 2. Nf3 Nc6 3. Bc4 Bc5 4. O-O Nf6 5. Nc3 d6 6. d3 h6 7. Be3 Bb6 8. Nd5
Be6 9. Nxb6 axb6 10. Bxe6 fxe6 11. h3 O-O 12. Nh4 Nxe4 13. Ng6 Rf6 14. dxe4 Rxg6
15. f4 exf4 16. Rxf4 Ne5 17. Qe2 Kh7 18. Raf1 Qe7 19. Bd4 Qg5 20. Bxe5 Qxe5 21.
Rg4 Rxa2 22. Rxg6 Kxg6 23. Qg4+ Kh7 24. h4 h5 25. Qf3 Rxb2 26. Qd3 Rb4 27. c4
Qc5+ 28. Kh1 Qxc4 29. Qf3 Kh6 30. Qf4+ Kh7 31. Qf3 Qc5 32. Rd1 Qe5 33. Re1 d5
34. Rf1 Rxe4 35. Qf7 Rxh4+ 36. Kg1 Qh2+ 0-1

[Event "AUTO-MASTER-1894"]
[Site "http://www.queenalice.com/game.php?id=1192818"]
[Date "2013.6.21"]
[Round "1"]
[White "elvis8787"]
[Black "musampa"]
[Result "0-1"]
[WhiteElo "1998"]
[BlackElo "2101"]

1. e4 e5 2. Nf3 Nc6 3. Bc4 Bc5 4. c3 Qf6 5. O-O h6 6. d4 exd4 7. e5 Qg6 8. cxd4
Bb6 9. d5 Nce7 10. Re1 Bc5 11. Nh4 Qb6 12. Qf3 d6 13. e6 Nf6 14. exf7+ Kxf7 15.
Qe2 Re8 16. Be3 Bxe3 17. fxe3 Kg8 18. Nc3 g5 19. Nf3 Nf5 20. Kh1 Rxe3 21. Qd2
Bd7 22. a4 Rae8 23. a5 Rxe1+ 24. Rxe1 Rxe1+ 25. Qxe1 Qxa5 26. h3 Qb4 27. Bd3 Qf4
28. Bxf5 Bxf5 29. Ne2 Qe3 30. Qd1 Qd3 31. Qxd3 Bxd3 32. Nc3 a6 33. Kg1 Be4 0-1

[Event "AUTO-MASTER-1894"]
[Site "http://www.queenalice.com/game.php?id=1192819"]
[Date "2013.6.21"]
[Round "1"]
[White "musampa"]
[Black "elvis8787"]
[Result "0-1"]
[WhiteElo "2110"]
[BlackElo "1986"]

1. f4 e6 2. Nf3 Be7 3. e3 b6 4. Bb5 Bh4+ 5. Nxh4 Qxh4+ 6. g3 Qh3 7. Qf3 c6 8.
Bf1 Qh6 9. b3 Nf6 10. Bb2 O-O 11. Nc3 Nd5 12. Nxd5 exd5 13. Bd3 Ba6 14. Bf5 d6
15. O-O-O Bc8 16. g4 Bxf5 17. gxf5 Nd7 18. Qg2 c5 19. Rdg1 f6 20. h4 c4 21. Rh3
cxb3 22. axb3 a5 23. Rg3 Rf7 24. Qxd5 Rf8 25. Rg4 Kh8 26. Qxd6 Nc5 27. Qxb6 Ne4
28. Qe6 Nf2 29. Ba3 Nxg4 30. Bxf8 Rxf8 31. Rxg4 Qh5 32. Qe7 Rg8 33. Rg1 Qxh4 34.
Qc7 Qf2 35. Rd1 h5 36. Qxa5 h4 37. Qd5 Kh7 38. b4 h3 39. Qh1 h2 40. Rg1 Qxg1+
0-1

[Event "AUTO-MASTER-1894"]
[Site "http://www.queenalice.com/game.php?id=1192820"]
[Date "2013.6.21"]
[Round "1"]
[White "elvis8787"]
[Black "Modaste"]
[Result "0-1"]
[WhiteElo "1984"]
[BlackElo "2136"]

1. e4 e6 2. Nf3 d5 3. e5 c5 4. Bb5+ Bd7 5. Qe2 a6 6. Bxd7+ Nxd7 7. d3 Ne7 8. O-O
Ng6 9. Ng5 Ngxe5 10. f4 Nc6 11. f5 Nd4 12. Qf2 Nxf5 13. Nxf7 Kxf7 14. g4 g6 15.
gxf5 gxf5 16. Kh1 Qf6 17. Nc3 Bd6 18. Bf4 Bxf4 19. Qxf4 Rag8 20. Qc7 Qe7 21. Rf2
Nf6 22. Qe5 Ng4 23. Qe2 Nxf2+ 24. Qxf2 Rg4 25. Re1 Qh4 26. Qe3 Rg6 27. Qe5 Rhg8
28. Na4 Qxa4 29. Qc7+ Kf6 30. Qe5+ Ke7 31. Qxd5 Rg1+ 0-1

[Event "AUTO-MASTER-1894"]
[Site "http://www.queenalice.com/game.php?id=1192821"]
[Date "2013.6.21"]
[Round "1"]
[White "Modaste"]
[Black "elvis8787"]
[Result "1-0"]
[WhiteElo "2076"]
[BlackElo "2009"]

1. Nf3 g6 2. e4 Bg7 3. d4 e6 4. Bd3 Ne7 5. O-O O-O 6. Bg5 Qe8 7. c3 d5 8. e5 Nf5
9. Qd2 Nc6 10. Na3 Bd7 11. Bf6 a6 12. g4 Nfe7 13. g5 Nf5 14. Kg2 b5 15. Nc2 Na5
16. b3 Bxf6 17. gxf6 Nb7 18. Bxf5 Kh8 19. Qh6 Rg8 20. Ng5 1-0

[Event "AUTO-MASTER-1894"]
[Site "http://www.queenalice.com/game.php?id=1192822"]
[Date "2013.6.21"]
[Round "1"]
[White "elvis8787"]
[Black "gedalias"]
[Result "1-0"]
[WhiteElo "2039"]
[BlackElo "2030"]

1. e4 c5 2. Nf3 Nc6 3. Bc4 a6 4. O-O b5 5. Bd5 Bb7 6. d4 e6 7. Bxc6 dxc6 8. e5
cxd4 9. Nxd4 c5 10. Nf3 Qd5 11. Nc3 Qxd1 12. Rxd1 Be7 13. Bf4 Rd8 14. h3 Rxd1+
15. Rxd1 Bc6 16. Ne2 Bd8 17. Rd6 Ne7 18. Bg5 Bxf3 19. gxf3 a5 20. Bxe7 Bxe7 21.
Rb6 b4 22. Ra6 O-O 23. Ra7 Re8 24. Rxa5 Rd8 25. Ra7 Kf8 26. Kg2 g5 27. c3 Rd2
28. Ng3 f5 29. exf6 Bxf6 30. Ne4 bxc3 31. bxc3 1-0

[Event "AUTO-MASTER-1894"]
[Site "http://www.queenalice.com/game.php?id=1192823"]
[Date "2013.6.21"]
[Round "1"]
[White "gedalias"]
[Black "elvis8787"]
[Result "1-0"]
[WhiteElo "2030"]
[BlackElo "2058"]

1. e4 e5 2. Nf3 d6 3. Nc3 Nf6 4. Bc4 Be7 5. d4 exd4 6. Nxd4 O-O 7. O-O Nbd7 8.
Nf5 Ne5 9. Nxe7+ Qxe7 10. Bb3 Be6 11. Nd5 Bxd5 12. exd5 Qd7 13. Bf4 Ng6 14. Qf3
Qf5 15. Bd2 Qxf3 16. gxf3 Ne5 17. Kg2 Ng6 18. c4 Nh4+ 19. Kg3 Nf5+ 20. Kh3 h6
21. Rg1 Kh7 22. Bc2 g6 23. Bc3 Nh5 24. Kg4 Nfg7 25. f4 f5+ 26. Kf3 Nf6 27. Rae1
Nfh5 28. Re7 Rae8 29. Rge1 Kg8 30. Rxc7 Rxe1 31. Bxe1 Ne6 32. dxe6 1-0